[Event "DVM U14w 2019"]
[Site "Neumünster GER"]
[Date "2019.12.28"]
[Round "4"]
[White "Evering, Enna"]
[Black "Neitzel, Emma"]
[Result "1-0"]
[Termination "normal"]
[Board "8.3"]
[WhiteElo "1556"]
[BlackElo "931"]
[WhiteTeam "SC Papenburg"]
[BlackTeam "Elmshorner SC von 1896"]
[PlyCount "117"]
[WhiteFideId "16218213"]
[BlackFideId "16298373"]
[EventCountry "GER"]
[EventRounds "7"]
[EventType "team-swiss"]
[EventDate "2019.12.26"]

1. e4 c5 2. Nf3 e6 3. d4 cxd4 4. Nxd4 a6 5. Nc3 Qc7 6. Be2 Bb4 7. Bd2 Nf6 8. f3
Bxc3 9. Bxc3 d5 10. exd5 Nxd5 11. Qd2 Nxc3 12. bxc3 O-O 13. O-O Rd8 14. Rad1
Nc6 15. Qe3 Nxd4 16. Rxd4 Rxd4 17. Qxd4 e5 18. Qa4 Bd7 19. Qb3 Be6 20. Qb2 Qc5+
21. Rf2 Rd8 22. Bd3 Bf5 23. Qxb7 e4 24. fxe4 Rd7 25. Qb8+ Qf8 26. Qxf8+ Kxf8
27. Rxf5 g6 28. Rd5 Rb7 29. Bxa6 Ra7 30. Bc4 Rc7 31. Bb3 Rxc3 32. Rd7 Re3 33.
Rxf7+ Ke8 34. Rxh7 Re1+ 35. Kf2 Rxe4 36. Bf7+ Kf8 37. Bxg6 Rf4+ 38. Ke3 Rf6 39.
Rf7+ Rxf7 40. Bxf7 Kxf7 41. a4 Ke7 42. a5 Kd7 43. a6 Kc7 44. a7 Kb7 45. h4 Kxa7
46. h5 Kb7 47. h6 Kc7 48. h7 Kd7 49. h8=Q Ke7 50. Qh6 Kf7 51. Kf4 Ke7 52. Qg6
Kd8 53. Qf7 Kc8 54. Qe7 Kb8 55. Qd7 Ka8 56. Ke5 Kb8 57. Kd6 Ka8 58. Kc6 Kb8 59.
Qb7# 1-0

[Event "DVM U14w 2019"]
[Site "Neumünster GER"]
[Date "2019.12.28"]
[Round "4"]
[White "Margaryan, Sofia"]
[Black "Kube, Maja"]
[Result "0-1"]
[Termination "normal"]
[Board "8.4"]
[WhiteElo "777"]
[BlackElo "923"]
[WhiteTeam "Elmshorner SC von 1896"]
[BlackTeam "SC Papenburg"]
[PlyCount "100"]
[WhiteFideId "16268229"]
[BlackFideId "16298268"]
[EventCountry "GER"]
[EventRounds "7"]
[EventType "team-swiss"]
[EventDate "2019.12.26"]

1. d4 c5 2. e4 cxd4 3. Qxd4 Nc6 4. Qd1 e6 5. Bf4 g6 6. Bb5 Qf6 7. Bxc6 bxc6 8.
Nc3 Qxf4 9. Nge2 Qe5 10. f4 Qh5 11. Qd2 Bg7 12. O-O-O Ne7 13. e5 a5 14. h3 O-O
15. g4 Qh4 16. Rdg1 d5 17. g5 Nf5 18. Rg4 Qf2 19. Ng1 Qf1+ 20. Nd1 d4 21. c3
Ne3 22. Rg3 Nxd1 23. Qxd1 Qxf4+ 24. Qd2 Qxg3 25. cxd4 Bb7 26. Ne2 Qf2 27. Qd1
c5 28. Rf1 Qe3+ 29. Kb1 Be4+ 30. Ka1 cxd4 31. Nxd4 Qxg5 32. Rg1 Qxe5 33. Re1
Qd5 34. Ne2 Qb5 35. Nd4 Qe5 36. Qd2 Rfc8 37. Nf3 Qf5 38. Ng1 Qc5 39. Ne2 Bf3
40. Rc1 Qxc1+ 41. Nxc1 Rab8 42. Nd3 Be4 43. a4 Bxd3 44. Qe1 Bxb2+ 45. Ka2 Bc4+
46. Kb1 Bc3+ 47. Kc2 Bxe1 48. Kd1 Rb2 49. Kxe1 Bb3 50. Kf1 Rc1# 0-1

[Event "DVM U14w 2019"]
[Site "Neumünster GER"]
[Date "2019.12.29"]
[Round "5"]
[White "Schulz, Hannah"]
[Black "Roncea, Andreea-Alexandra"]
[Result "0-1"]
[Termination "normal"]
[Board "3.1"]
[WhiteElo "1588"]
[BlackElo "1591"]
[WhiteClock "00:53:26"]
[BlackClock "01:03:47"]
[WhiteTeam "Karlsruher SF 1853"]
[BlackTeam "SC Papenburg"]
[PlyCount "36"]
[WhiteFideId "16244745"]
[BlackFideId "16233115"]
[EventCountry "GER"]
[EventRounds "7"]
[EventType "team-swiss"]
[EventDate "2019.12.26"]

1. e4 {[%clk 1:30:56]} e5 {[%clk 1:30:55]} 2. Nf3 {[%clk 1:31:22]} Nc6 {[%clk
1:31:21]} 3. Bc4 {[%clk 1:31:48]} Bc5 {[%clk 1:31:46]} 4. O-O {[%clk 1:32:13]}
d6 {[%clk 1:32:09]} 5. c3 {[%clk 1:32:12]} Nf6 {[%clk 1:32:29]} 6. d3 {[%clk
1:32:30]} a6 {[%clk 1:32:47]} 7. a4 {[%clk 1:32:56]} Ba7 {[%clk 1:31:53]} 8.
Re1 {[%clk 1:32:02]} h6 {[%clk 1:30:20]} 9. Nbd2 {[%clk 1:32:07]} O-O {[%clk
1:29:10]} 10. Nf1 {[%clk 1:31:58]} Ne7 {[%clk 1:21:41]} 11. Ng3 {[%clk
1:32:03]} Ng6 {[%clk 1:21:37]} 12. h3 {[%clk 1:26:33]} Re8 {[%clk 1:19:25]} 13.
Qb3 {[%clk 1:23:09]} Rf8 {[%clk 1:14:34]} 14. Nf5 {[%clk 1:12:30]} Bxf5 {[%clk
1:12:35]} 15. exf5 {[%clk 1:12:53]} Ne7 {[%clk 1:12:28]} 16. Qxb7 {[%clk
0:55:53]} Bb6 {[%clk 1:06:38]} 17. Nh2 {[%clk 0:54:27]} d5 {[%clk 1:03:57]} 18.
Ba2 {[%clk 0:53:26]} Ra7 {[%clk 1:03:47]} 0-1

[Event "DVM U14w 2019"]
[Site "Neumünster GER"]
[Date "2019.12.29"]
[Round "5"]
[White "Kuran, Olivia"]
[Black "Evering, Enna"]
[Result "0-1"]
[Termination "normal"]
[Board "3.3"]
[WhiteElo "1003"]
[BlackElo "1556"]
[WhiteClock "00:54:59"]
[BlackClock "00:15:19"]
[WhiteTeam "Karlsruher SF 1853"]
[BlackTeam "SC Papenburg"]
[PlyCount "74"]
[WhiteFideId "16279670"]
[BlackFideId "16218213"]
[EventCountry "GER"]
[EventRounds "7"]
[EventType "team-swiss"]
[EventDate "2019.12.26"]

1. e4 {[%clk 1:30:59]} e5 {[%clk 1:30:51]} 2. Nf3 {[%clk 1:31:21]} Nc6 {[%clk
1:31:14]} 3. Bc4 {[%clk 1:31:33]} Nf6 {[%clk 1:31:15]} 4. Nc3 {[%clk 1:31:26]}
Nxe4 {[%clk 1:30:32]} 5. Nxe4 {[%clk 1:29:57]} d5 {[%clk 1:30:42]} 6. Bd3
{[%clk 1:28:59]} dxe4 {[%clk 1:30:59]} 7. Bxe4 {[%clk 1:29:17]} Bd6 {[%clk
1:26:41]} 8. d3 {[%clk 1:28:05]} Bd7 {[%clk 1:22:12]} 9. Bd5 {[%clk 1:24:11]}
h6 {[%clk 1:18:37]} 10. Be3 {[%clk 1:20:00]} Qe7 {[%clk 1:12:13]} 11. O-O
{[%clk 1:15:59]} O-O {[%clk 1:07:10]} 12. d4 {[%clk 1:14:07]} exd4 {[%clk
0:53:29]} 13. Nxd4 {[%clk 1:11:30]} Bxh2+ {[%clk 0:44:37]} 14. Kh1 {[%clk
1:04:34]} Be5 {[%clk 0:37:23]} 15. Nf3 {[%clk 1:02:44]} Bg4 {[%clk 0:30:27]}
16. g3 {[%clk 1:00:47]} Qf6 {[%clk 0:24:42]} 17. c3 {[%clk 0:58:42]} Rad8
{[%clk 0:22:38]} 18. Kg2 {[%clk 0:57:22]} Qf5 {[%clk 0:17:09]} 19. Rb1 {[%clk
0:54:53]} Bh3+ {[%clk 0:16:22]} 20. Kg1 {[%clk 0:55:03]} Bxf1 {[%clk 0:16:09]}
21. Kxf1 {[%clk 0:55:14]} Rxd5 {[%clk 0:15:37]} 22. Qxd5 {[%clk 0:54:56]} Qxb1+
{[%clk 0:15:59]} 23. Kg2 {[%clk 0:55:17]} Bd6 {[%clk 0:15:51]} 24. Qb5 {[%clk
0:54:53]} Qxa2 {[%clk 0:13:54]} 25. Qxb7 {[%clk 0:55:05]} Ne5 {[%clk 0:12:44]}
26. Bxa7 {[%clk 0:54:57]} Nxf3 {[%clk 0:12:41]} 27. Kxf3 {[%clk 0:55:11]} Qe6
{[%clk 0:12:38]} 28. Kg2 {[%clk 0:54:15]} Re8 {[%clk 0:12:34]} 29. b4 {[%clk
0:53:37]} Qe4+ {[%clk 0:12:48]} 30. Qxe4 {[%clk 0:53:34]} Rxe4 {[%clk 0:13:14]}
31. b5 {[%clk 0:53:29]} Re5 {[%clk 0:13:08]} 32. c4 {[%clk 0:53:48]} Bc5 {[%clk
0:13:29]} 33. Bxc5 {[%clk 0:53:44]} Rxc5 {[%clk 0:13:57]} 34. Kf1 {[%clk
0:53:54]} Rxc4 {[%clk 0:14:24]} 35. Ke1 {[%clk 0:54:13]} Rb4 {[%clk 0:14:49]}
36. Kd2 {[%clk 0:54:32]} Rxb5 {[%clk 0:15:14]} 37. Kc3 {[%clk 0:54:59]} Kf8
{[%clk 0:15:19]} 0-1

[Event "DVM U14w 2019"]
[Site "Neumünster GER"]
[Date "2019.12.29"]
[Round "5"]
[White "Yue, Qizhou"]
[Black "Alferova, Emily"]
[Result "1-0"]
[Termination "normal"]
[Board "5.1"]
[WhiteElo "1784"]
[BlackElo "1352"]
[WhiteTeam "SV Multatuli Ingelheim e.V."]
[BlackTeam "SC Garching 1980 e.V."]
[PlyCount "61"]
[WhiteFideId "16273800"]
[BlackFideId "16265904"]
[EventCountry "GER"]
[EventRounds "7"]
[EventType "team-swiss"]
[EventDate "2019.12.26"]

1. e4 e5 2. Nf3 Nc6 3. Nc3 Nf6 4. d4 exd4 5. Nxd4 Bb4 6. Nxc6 bxc6 7. Bd3 d5 8.
exd5 cxd5 9. O-O O-O 10. Bg5 c6 11. Qf3 Be7 12. h3 h6 13. Bh4 Be6 14. Rfe1 Rb8
15. Rab1 Nd7 16. Bxe7 Qxe7 17. Qg3 Nb6 18. Ne2 c5 19. c3 c4 20. Bc2 Rbc8 21.
Nd4 Qd7 22. Re5 Rfe8 23. Rbe1 Qc7 24. Nf5 g6 25. Nxh6+ Kg7 26. Ng4 Rh8 27. Qf3
Nd7 28. Rxe6 fxe6 29. Rxe6 Rhf8 30. Rxg6+ Kh7 31. Qxd5 1-0

[Event "DVM U14w 2019"]
[Site "Neumünster GER"]
[Date "2019.12.29"]
[Round "5"]
[White "Muhina, Liana"]
[Black "von Beckh, Frieda"]
[Result "0-1"]
[Termination "normal"]
[Board "5.2"]
[WhiteElo "1272"]
[BlackElo "1513"]
[WhiteTeam "SC Garching 1980 e.V."]
[BlackTeam "SV Multatuli Ingelheim e.V."]
[PlyCount "64"]
[WhiteFideId "16266145"]
[BlackFideId "16233751"]
[EventCountry "GER"]
[EventRounds "7"]
[EventType "team-swiss"]
[EventDate "2019.12.26"]

1. e4 c5 2. d4 cxd4 3. c3 Nf6 4. Nd2 dxc3 5. bxc3 Nc6 6. Ngf3 d6 7. Bc4 e6 8.
O-O g6 9. Bb5 Bd7 10. Re1 Qc7 11. Bc4 Bg7 12. Bb2 O-O 13. h3 Nh5 14. Nh4 Ne5
15. Be2 Nf4 16. Nhf3 Ned3 17. Ba3 Nxe1 18. Nxe1 Qxc3 19. Bxd6 Nxe2+ 20. Qxe2
Qxa1 21. Bxf8 Rxf8 22. Kh2 Qxa2 23. Nef3 Bc6 24. g3 f5 25. e5 Bxf3 26. Qxf3
Qxd2 27. Qb3 Qxf2+ 28. Kh1 Qb6 29. Qc4 Rd8 30. Qa4 Qb1+ 31. Kg2 Rd2+ 32. Kf3
Qd3+ 0-1

[Event "DVM U14w 2019"]
[Site "Neumünster GER"]
[Date "2019.12.29"]
[Round "5"]
[White "Albrecht, Angelique"]
[Black "Frowein, Katja"]
[Result "1/2-1/2"]
[Termination "normal"]
[Board "5.3"]
[WhiteElo "1219"]
[BlackElo "1271"]
[WhiteTeam "SV Multatuli Ingelheim e.V."]
[BlackTeam "SC Garching 1980 e.V."]
[PlyCount "87"]
[WhiteFideId "16298284"]
[BlackFideId "16282949"]
[EventCountry "GER"]
[EventRounds "7"]
[EventType "team-swiss"]
[EventDate "2019.12.26"]

1. e4 c5 2. c3 d6 3. d4 cxd4 4. cxd4 Nf6 5. Nc3 g6 6. Nf3 Bg7 7. Bc4 O-O 8. O-O
Nc6 9. h3 e6 10. Bg5 Qc7 11. Nb5 Qd7 12. e5 Ne4 13. Bf4 d5 14. Bd3 f6 15. Qe2
fxe5 16. Bxe5 Nxe5 17. dxe5 a6 18. Nbd4 Nc5 19. Bc2 b5 20. b4 Na4 21. Bxa4 bxa4
22. a3 a5 23. b5 Qb7 24. Rfe1 Bd7 25. Rab1 Rab8 26. Ng5 Qb6 27. Qg4 Rbe8 28.
Qd1 Rf4 29. Ngf3 Rc8 30. Qd2 Bh6 31. Ne2 Rxf3 32. Qxh6 Qxf2+ 33. Kh2 Rc2 34.
Qg5 Rxe2 35. Rxe2 Qxe2 36. b6 Bc6 37. b7 Bxb7 38. Rxb7 Rf7 39. Qd8+ Rf8 40. Qe7
Qxe5+ 41. Kg1 Qe3+ 42. Kh2 Qe5+ 43. Kg1 Qd4+ 44. Kh2 1/2-1/2

[Event "DVM U14w 2019"]
[Site "Neumünster GER"]
[Date "2019.12.29"]
[Round "5"]
[White "Muhina, Alina"]
[Black "Gyácsok, Dzvinka"]
[Result "1/2-1/2"]
[Termination "normal"]
[Board "5.4"]
[WhiteElo "1228"]
[BlackElo "997"]
[WhiteTeam "SC Garching 1980 e.V."]
[BlackTeam "SV Multatuli Ingelheim e.V."]
[PlyCount "107"]
[WhiteFideId "16298322"]
[BlackFideId "16298292"]
[EventCountry "GER"]
[EventRounds "7"]
[EventType "team-swiss"]
[EventDate "2019.12.26"]

1. e4 e5 2. Nf3 Nc6 3. d4 exd4 4. Nxd4 Bc5 5. Nxc6 Qf6 6. Qf3 Qxc6 7. Nc3 b6 8.
Bc4 Qf6 9. Qxf6 Nxf6 10. O-O Bb7 11. Re1 O-O 12. Bg5 Ng4 13. Bh4 Ne5 14. Bb3 h6
15. Bg3 d6 16. Rad1 Rfd8 17. Bxe5 dxe5 18. Rxd8+ Rxd8 19. Nb5 Rd2 20. Rf1 Ba6
21. c4 Bxb5 22. cxb5 Rxb2 23. Bc4 Rd2 24. Bb3 Re2 25. Bd5 Rd2 26. Bb3 Kf8 27.
g3 Bd4 28. Rc1 Bc5 29. Rc2 Bxf2+ 30. Kf1 Rxc2 31. Bxc2 Bc5 32. g4 Ke7 33. h3
Be3 34. a4 Kd6 35. Bb3 f6 36. Ke2 Bf4 37. Kd3 c5 38. bxc6 Kxc6 39. Kc4 a6 40.
Kb4 Bd2+ 41. Kc4 b5+ 42. axb5+ axb5+ 43. Kd3 Be1 44. Kc2 b4 45. Kd3 g6 46. Kc2
h5 47. gxh5 gxh5 48. Kd3 Kd6 49. Ke3 Bh4 50. Kd3 Kc5 51. Ke3 Bg5+ 52. Kd3 h4
53. Bg8 Kb5 54. Bb3 1/2-1/2

[Event "DVM U14w 2019"]
[Site "Neumünster GER"]
[Date "2019.12.29"]
[Round "5"]
[White "Hubert, Charlotte"]
[Black "Bone, Franziska"]
[Result "1/2-1/2"]
[Termination "normal"]
[Board "6.1"]
[WhiteElo "1415"]
[BlackElo "1115"]
[WhiteTeam "Hamburger SK"]
[BlackTeam "Schachgemeinschaft Turm Raesfeld/Erle"]
[PlyCount "45"]
[WhiteFideId "16265920"]
[BlackFideId "16261488"]
[EventCountry "GER"]
[EventRounds "7"]
[EventType "team-swiss"]
[EventDate "2019.12.26"]

1. e4 e5 2. Nf3 Nc6 3. Nc3 Nf6 4. d4 exd4 5. Nxd4 Bb4 6. Nxc6 bxc6 7. Bd3 d5 8.
exd5 cxd5 9. O-O O-O 10. Bg5 c6 11. Na4 h6 12. Bh4 Re8 13. c4 Bd6 14. Rc1 Be5
15. Bg3 Bxg3 16. hxg3 Bd7 17. Re1 d4 18. b3 Qa5 19. Ra1 c5 20. Nb2 Qa3 21.
Rxe8+ Rxe8 22. Qc2 Qa5 23. Qc1 1/2-1/2

[Event "DVM U14w 2019"]
[Site "Neumünster GER"]
[Date "2019.12.29"]
[Round "5"]
[White "Lensing, Sienna"]
[Black "Modali, Nikhilamrutha"]
[Result "0-1"]
[Termination "normal"]
[Board "6.2"]
[WhiteElo "1085"]
[BlackElo "1112"]
[WhiteTeam "Schachgemeinschaft Turm Raesfeld/Erle"]
[BlackTeam "Hamburger SK"]
[PlyCount "106"]
[WhiteFideId "16298381"]
[BlackFideId "16282370"]
[EventCountry "GER"]
[EventRounds "7"]
[EventType "team-swiss"]
[EventDate "2019.12.26"]

1. e4 c6 2. d4 d5 3. exd5 cxd5 4. c4 e6 5. Nc3 Nf6 6. c5 Nc6 7. Nf3 b6 8. b4
Nxb4 9. Qa4+ Nc6 10. Bb5 Bd7 11. Bxc6 Rc8 12. Bxd7+ Qxd7 13. Qxd7+ Kxd7 14.
Ne5+ Ke8 15. c6 Bb4 16. Bd2 a6 17. Rb1 Ba5 18. Na4 Bxd2+ 19. Kxd2 Ne4+ 20. Ke1
b5 21. Nb6 Rc7 22. Rc1 f6 23. Nd3 Ke7 24. Nd7 Rhc8 25. N7c5 Nd6 26. Nb3 Nc4 27.
Nd2 Rxc6 28. Nxc4 bxc4 29. Nb4 Rb6 30. a3 Rcb8 31. Ke2 a5 32. Nc2 Rb2 33. Rhd1
R8b3 34. a4 Ra3 35. Rd2 Raa2 36. Kd1 Rxa4 37. Ne3 Rb3 38. Rdc2 Rd3+ 39. Rd2
Raa3 40. Rxd3 Rxd3+ 41. Ke2 Rxd4 42. Ra1 f5 43. g3 Re4 44. Kf3 c3 45. Rxa5 d4
46. Nc2 d3 47. Nb4 Rxb4 48. Ra7+ Kf6 49. Ke3 c2 50. Ra1 Rb1 51. Rxb1 cxb1=Q 52.
Kf4 d2 53. Kf3 Qe4# 0-1

[Event "DVM U14w 2019"]
[Site "Neumünster GER"]
[Date "2019.12.29"]
[Round "5"]
[White "Wu, Yvonne Yihan"]
[Black "Wehling, Ida"]
[Result "1-0"]
[Termination "normal"]
[Board "6.3"]
[WhiteElo "1083"]
[BlackElo "1123"]
[WhiteTeam "Hamburger SK"]
[BlackTeam "Schachgemeinschaft Turm Raesfeld/Erle"]
[PlyCount "41"]
[WhiteFideId "16298330"]
[BlackFideId "16287452"]
[EventCountry "GER"]
[EventRounds "7"]
[EventType "team-swiss"]
[EventDate "2019.12.26"]

1. e4 e5 2. Bc4 Bc5 3. Nf3 Nc6 4. b4 Bxb4 5. c3 Ba5 6. Qb3 d6 7. Bxf7+ Kf8 8.
O-O Nf6 9. d3 Qe7 10. Bc4 Nd7 11. Bg5 Qe8 12. d4 Qg6 13. Nbd2 exd4 14. cxd4
Bxd2 15. Bxd2 Qxe4 16. Rfe1 Qg4 17. h3 Qh5 18. Kh2 Nb6 19. Bd3 g6 20. Ng5 Nxd4
21. Qf7# 1-0

[Event "DVM U14w 2019"]
[Site "Neumünster GER"]
[Date "2019.12.29"]
[Round "5"]
[White "Ipek, Meryem Zeynep"]
[Black "Krasikova, Milana"]
[Result "0-1"]
[Termination "normal"]
[Board "6.4"]
[WhiteElo "996"]
[BlackElo "1082"]
[WhiteTeam "Schachgemeinschaft Turm Raesfeld/Erle"]
[BlackTeam "Hamburger SK"]
[PlyCount "84"]
[WhiteFideId "16298390"]
[BlackFideId "16287347"]
[EventCountry "GER"]
[EventRounds "7"]
[EventType "team-swiss"]
[EventDate "2019.12.26"]

1. e4 e5 2. Nf3 Nc6 3. Bc4 Nf6 4. Ng5 d5 5. exd5 Nxd5 6. Nxf7 Kxf7 7. Qf3+ Ke6
8. Nc3 Nd4 9. Qe4 c6 10. f4 Qh4+ 11. g3 Qh5 12. O-O b5 13. Bxd5+ cxd5 14. Qxd5+
Ke7 15. Qxa8 Kd8 16. b3 Nxc2 17. Rb1 Bc5+ 18. Kh1 exf4 19. Rxf4 Re8 20. Qd5+
Qxd5+ 21. Nxd5 Bb7 22. Rf5 Re1+ 23. Kg2 Re2+ 24. Kf1 Re1+ 25. Kg2 Nd4 26. Rf8+
Bxf8 27. d3 Bxd5+ 28. Kh3 Be6+ 29. g4 Re2 30. Bg5+ Be7 31. Bf4 Rxa2 32. Re1 h5
33. Kg3 hxg4 34. Re4 Nf5+ 35. Kxg4 Nh6+ 36. Kg3 Bxb3 37. Rd4+ Ke8 38. Re4 Bd5
39. Re3 Nf5+ 40. Kg4 Nxe3+ 41. Bxe3 Ra3 42. Bd4 Ra4 0-1

[Event "DVM U14w 2019"]
[Site "Neumünster GER"]
[Date "2019.12.29"]
[Round "5"]
[White "Heintz, Lilly"]
[Black "Prinzen, Siri Marleen"]
[Result "0-1"]
[Termination "normal"]
[Board "7.1"]
[WhiteElo "1219"]
[BlackElo "1631"]
[WhiteTeam "SC Leipzig-Lindenau"]
[BlackTeam "SK Tarrasch 1945 München"]
[PlyCount "104"]
[WhiteFideId "16229550"]
[BlackFideId "16265912"]
[EventCountry "GER"]
[EventRounds "7"]
[EventType "team-swiss"]
[EventDate "2019.12.26"]

1. d4 d5 2. c4 e6 3. Nf3 Nf6 4. Nc3 Nbd7 5. cxd5 exd5 6. Bf4 c6 7. e3 Be7 8.
Be2 O-O 9. O-O Nb6 10. Qb3 Re8 11. Rfe1 h6 12. Ne5 Bf5 13. h3 Nfd7 14. Bf3 Nxe5
15. Bxe5 Bd6 16. Bxd6 Qxd6 17. Ne2 Qd7 18. g4 Be4 19. Bxe4 Rxe4 20. Ng3 Re7 21.
Qd1 g6 22. Qf3 Rae8 23. Kg2 Qd6 24. Qe2 Re6 25. Rf1 Qb4 26. b3 Nc8 27. Rad1 Nd6
28. Kg1 Qb6 29. Qc2 Qd8 30. Kg2 Qf6 31. Qe2 Nb5 32. Rd3 Qg7 33. Kh2 Kh7 34. Rg1
Nxd4 35. Rxd4 Qxd4 36. exd4 Rxe2 37. Nxe2 Rxe2 38. Rg2 Rxa2 39. f4 Rxg2+ 40.
Kxg2 Kg7 41. Kg3 f5 42. Kf3 Kf6 43. Kg3 fxg4 44. Kxg4 h5+ 45. Kh4 Kf5 46. Kg3
h4+ 47. Kxh4 Kxf4 48. b4 Kf5 49. Kg3 b6 50. Kf3 a5 51. bxa5 bxa5 52. Ke3 g5 0-1

[Event "DVM U14w 2019"]
[Site "Neumünster GER"]
[Date "2019.12.29"]
[Round "5"]
[White "Winkler, Sarah"]
[Black "Niesch, Sarah"]
[Result "1-0"]
[Termination "normal"]
[Board "7.2"]
[WhiteElo "1307"]
[BlackElo "1043"]
[WhiteTeam "SK Tarrasch 1945 München"]
[BlackTeam "SC Leipzig-Lindenau"]
[PlyCount "63"]
[WhiteFideId "16274431"]
[BlackFideId "16211294"]
[EventCountry "GER"]
[EventRounds "7"]
[EventType "team-swiss"]
[EventDate "2019.12.26"]

1. e4 e5 2. Nf3 Nc6 3. Bc4 Be7 4. c3 d6 5. d3 Bd7 6. Bb3 h6 7. O-O Nf6 8. Re1
O-O 9. Nbd2 Be6 10. Nf1 Qd7 11. Ng3 Bg4 12. h3 Bh5 13. Nxh5 Nxh5 14. Nh4 Nf4
15. Nf5 Kh7 16. Bxf4 exf4 17. Qg4 g6 18. Nxe7 Qxe7 19. Qxf4 Ne5 20. Qg3 Qg5 21.
Qxg5 hxg5 22. Rad1 f5 23. d4 Nd7 24. exf5 Kh6 25. fxg6 Kxg6 26. Re6+ Nf6 27.
Rde1 Kh5 28. Re7 Rad8 29. R1e6 Kh4 30. Rxf6 Rxf6 31. Rh7+ Rh6 32. Rxh6# 1-0

[Event "DVM U14w 2019"]
[Site "Neumünster GER"]
[Date "2019.12.29"]
[Round "5"]
[White "Kießling, Luisa"]
[Black "Semenchenko, Simona"]
[Result "0-1"]
[Termination "normal"]
[Board "7.3"]
[WhiteElo "865"]
[BlackElo "919"]
[WhiteTeam "SC Leipzig-Lindenau"]
[BlackTeam "SK Tarrasch 1945 München"]
[PlyCount "66"]
[WhiteFideId "16298420"]
[BlackFideId "16298314"]
[EventCountry "GER"]
[EventRounds "7"]
[EventType "team-swiss"]
[EventDate "2019.12.26"]

1. e4 e6 2. Nc3 d5 3. exd5 exd5 4. Nf3 Nf6 5. Bb5+ Bd7 6. Bd3 Bd6 7. O-O O-O 8.
h3 Re8 9. Ng5 h6 10. Nf3 Nc6 11. Be2 Be6 12. d4 Ne4 13. Qe1 Qf6 14. Nb5 Qg6 15.
Nh4 Qf6 16. Nf3 a6 17. Nc3 Nxd4 18. Qd1 Nxf3+ 19. Bxf3 Qe5 20. Re1 d4 21. Nxe4
Kh8 22. Nxd6 Qxd6 23. Qe2 Qc5 24. Qe4 Bf5 25. Qxb7 Rxe1+ 26. Kh2 Qd6+ 27. g3
Rae8 28. Qxa6 Qxa6 29. g4 Qf1 30. Kg3 g5 31. Bg2 R8e4 32. f3 R1e2 33. fxe4
Qxg2# 0-1

[Event "DVM U14w 2019"]
[Site "Neumünster GER"]
[Date "2019.12.29"]
[Round "5"]
[White "Bräutigam, Katerina"]
[Black "Berghold, Lotta"]
[Result "1-0"]
[Termination "normal"]
[Board "8.1"]
[WhiteElo "1660"]
[BlackElo "1398"]
[WhiteTeam "Elmshorner SC von 1896"]
[BlackTeam "SC Borussia Lichtenberg"]
[PlyCount "81"]
[WhiteFideId "16242980"]
[BlackFideId "16243463"]
[EventCountry "GER"]
[EventRounds "7"]
[EventType "team-swiss"]
[EventDate "2019.12.26"]

1. e4 b6 2. d4 Bb7 3. Bd3 e6 4. Nf3 Nf6 5. Qe2 d6 6. O-O Be7 7. e5 Nfd7 8. Rd1
O-O 9. c3 c5 10. exd6 Bxd6 11. dxc5 Bxc5 12. Ng5 g6 13. b4 Be7 14. Nxh7 Kxh7
15. Qh5+ Kg8 16. Bxg6 fxg6 17. Qxg6+ Kh8 18. Rd4 Bf6 19. Rd3 Qe7 20. Rh3+ Bh4
21. g3 Qg7 22. Rxh4+ Kg8 23. Qxe6+ Qf7 24. Qg4+ Qg7 25. Qc4+ Qf7 26. Qg4+ Qg7
27. Qxg7+ Kxg7 28. Bh6+ Kf7 29. Rf4+ Ke7 30. Bxf8+ Nxf8 31. Nd2 Ne6 32. Re1 Nd7
33. Nb3 Kd6 34. Rf7 Rd8 35. f4 Nc7 36. Nd4 a6 37. Rd1 Ne6 38. Nf5+ Kc6 39. Rd6+
Kc7 40. Rxe6 Bd5 41. Ree7 1-0

[Event "DVM U14w 2019"]
[Site "Neumünster GER"]
[Date "2019.12.29"]
[Round "5"]
[White "Schramm, Clara"]
[Black "Klühs, Isabel"]
[Result "0-1"]
[Termination "normal"]
[Board "8.3"]
[WhiteElo "805"]
[BlackElo "1363"]
[WhiteTeam "Elmshorner SC von 1896"]
[BlackTeam "SC Borussia Lichtenberg"]
[PlyCount "100"]
[WhiteFideId "16298365"]
[BlackFideId "16228944"]
[EventCountry "GER"]
[EventRounds "7"]
[EventType "team-swiss"]
[EventDate "2019.12.26"]

1. e4 c5 2. Bc4 Nc6 3. Nf3 d6 4. Nc3 Nf6 5. O-O g6 6. d3 Bg7 7. Bg5 O-O 8. b3
Bd7 9. Nd5 Nxd5 10. Bxd5 Qe8 11. Qe1 e6 12. Bc4 a6 13. h3 b5 14. d4 bxc4 15.
bxc4 Nxd4 16. Nxd4 Bxd4 17. Bh6 Bg7 18. Qd2 Qe7 19. Rab1 Rab8 20. Bg5 Bf6 21.
Bxf6 Qxf6 22. Rfe1 Qd4 23. Qxd4 cxd4 24. Rbd1 e5 25. c3 Ba4 26. Rd2 dxc3 27.
Rxd6 c2 28. Rd3 Rb1 29. Rc3 Rxe1+ 30. Kh2 c1=Q 31. Rxc1 Rxc1 32. c5 Rc2 33. f3
Rd8 34. f4 Rdd2 35. Kg3 Rxg2+ 36. Kf3 exf4 37. Kxf4 g5+ 38. Ke5 f6+ 39. Kxf6
Rxc5 40. e5 Rcc2 41. e6 Kf8 42. e7+ Ke8 43. Kg7 Rc6 44. Kxh7 Rf2 45. h4 Rf7+
46. Kh8 Rh6+ 47. Kg8 Rg6+ 48. Kh8 Rfg7 49. h5 Rg8+ 50. Kh7 R6g7+ 0-1

[Event "DVM U14w 2019"]
[Site "Neumünster GER"]
[Date "2019.12.29"]
[Round "5"]
[White "Hafermann, Lara"]
[Black "Neitzel, Emma"]
[Result "1-0"]
[Termination "normal"]
[Board "8.4"]
[WhiteElo "1161"]
[BlackElo "931"]
[WhiteTeam "SC Borussia Lichtenberg"]
[BlackTeam "Elmshorner SC von 1896"]
[PlyCount "88"]
[WhiteFideId "16298306"]
[BlackFideId "16298373"]
[EventCountry "GER"]
[EventRounds "7"]
[EventType "team-swiss"]
[EventDate "2019.12.26"]

1. d4 d5 2. Nf3 c6 3. e3 e6 4. Bd3 f5 5. Ne5 Bd6 6. Nd2 Nd7 7. f4 c5 8. c3 cxd4
9. cxd4 Bxe5 10. fxe5 Ne7 11. O-O O-O 12. Nf3 Ng6 13. Qe1 Qe8 14. Qg3 f4 15.
exf4 Nxf4 16. Bxf4 Qf7 17. Ng5 Qe7 18. Qh3 h6 19. Nxe6 Re8 20. Nc7 Nb6 21. Nxa8
Bxh3 22. gxh3 Rxa8 23. Rf2 Rf8 24. Raf1 g5 25. Bd2 Rxf2 26. Rxf2 Nc4 27. Bxc4
dxc4 28. Re2 Qf7 29. e6 Qe7 30. a3 a5 31. Bxa5 Kg7 32. Bb4 Qe8 33. e7 Kf6 34.
d5 Kf7 35. Rf2+ Kg7 36. d6 c3 37. Bxc3+ Kh7 38. Rf8 Qxf8 39. exf8=Q Kg6 40.
Qxh6+ Kxh6 41. d7 Kg6 42. d8=Q g4 43. Qf6+ Kh5 44. h4 g3 1-0